Language Theory and Intercultural Communication

Gespeichert in:
Bibliographische Detailangaben
Format: Schriftenreihe
Sprache:Russisch
Englisch
Veröffentlicht: Kursk Kursk State University
Tags: Tag hinzufügen
Keine Tags, Fügen Sie das erste Tag hinzu!

MARC

LEADER 00000nls a2200000 4500
001 0259069
005 20240417073940.3
022 |a 2219-8660 
041 0 |a rus 
041 0 |a eng 
044 |a RU 
245 1 0 |a Language Theory and Intercultural Communication 
264 1 |a Kursk  |b Kursk State University